[Event "18th Belgrade Trophy"]
[Site "Obrenovac SCG"]
[Date "2005.11.29"]
[Round "8"]
[White "Nikolov,M"]
[Black "Brkljaca,A"]
[Result "1-0"]
[WhiteElo "2435"]
[BlackElo "2377"]

1.d4 Nf6 2.Bg5 Ne4 3.Bf4 e6 4.f3 Nf6 5.e4 d5 6.Nc3 Bb4 7.Qd2 dxe4 8.Bg5 exf3
9.Nxf3 Ne4 10.Qe3 Nxg5 11.Nxg5 Bxc3+ 12.bxc3 h6 13.Nf3 Nd7 14.Bd3 c5 15.O-O O-O
16.Rf2 Qc7 17.Raf1 c4 18.Be2 b5 19.Nh4 Nb6 20.Ng6 Bb7 21.Nxf8 Rxf8 22.Bh5 Qc6
23.Qg3 f5 24.Re1 Qd7 25.Rfe2 Bd5 26.Bf3 Rf6 27.Re5 Kh7 28.Qf2 Rg6 29.Bxd5 Nxd5
30.Rxe6 Rxe6 31.Qxf5+ Kg8 32.Rxe6 Nxc3 33.Qe5 Kf7 34.d5 b4 35.Qf5+ Kg8 36.Qg6 Kf8
37.d6 Nd5 38.Qf5+  1-0

[Event "18th Belgrade Trophy"]
[Site "Obrenovac SCG"]
[Date "2005.11.30"]
[Round "9"]
[White "Miladinovic,I"]
[Black "Arsovic,G"]
[Result "1-0"]
[WhiteElo "2609"]
[BlackElo "2419"]

1.d4 Nf6 2.Bg5 Ne4 3.Bf4 c5 4.f3 Qa5+ 5.c3 Nf6 6.Nd2 cxd4 7.Nb3 Qb6 8.Qxd4 Nc6
9.Qxb6 axb6 10.Be3 b5 11.Nd4 Nxd4 12.Bxd4 d6 13.e4 Bd7 14.Bxf6 gxf6 15.a3 b4
16.cxb4 f5 17.Bd3 Bg7 18.O-O-O fxe4 19.Bxe4 O-O-O 20.Ne2 Kb8 21.Kb1 Bc8 22.Rhe1 e6
23.f4 d5 24.Bf3 Rhe8 25.Nd4 Bd7 26.Bh5 Rf8 27.Nf3 h6 28.Ne5 Bxe5 29.Rxe5 Kc7
30.Bf3 f5 31.b3 Kd6 32.a4 Rf7 33.Kb2 Rg7 34.Rd2 Rc8 35.Re3 Be8 36.Rde2 Bf7
37.Rc3 Rxc3 38.Kxc3 Be8 39.Kd4 Bd7 40.Rc2 Rg8 41.Rc3 Rd8 42.Be2 Rg8 43.Rg3 Rxg3
44.hxg3  1-0

[Event "TCh-BEL 2005-6"]
[Site "Belgium BEL"]
[Date "2005.12.04"]
[Round "5"]
[White "Hausrath,D"]
[Black "Meessen,R"]
[Result "1-0"]
[WhiteElo "2463"]
[BlackElo "2306"]

1.d4 Nf6 2.Bg5 Ne4 3.Bf4 c5 4.f3 Qa5+ 5.c3 Nf6 6.Nd2 cxd4 7.Nb3 Qb6 8.Qxd4 Nc6
9.Qxb6 axb6 10.Nd4 e5 11.Nxc6 dxc6 12.Bxe5 Be6 13.a3 Nd7 14.Bd4 Bb3 15.e4 b5
16.Nh3 b4 17.cxb4 Bxb4+ 18.Ke2 O-O 19.Rc1 Ba5 20.Ke3 Rad8 21.Bc4 Bxc4 22.Rxc4 f5
23.exf5 Rfe8+ 24.Kf2 Ne5 25.Bxe5 Rd2+ 26.Kg3 Rxe5 27.Re4 Bc7 28.Rxe5 Bxe5+
29.f4 Bxb2 30.a4 c5 31.Re1 h6 32.Re8+ Kf7 33.Rc8 Rd3+ 34.Kg4 Bd4 35.Rc7+ Kf6
36.Ng5 hxg5 37.fxg5+ Ke5 38.Rxg7 c4 39.Rc7 c3 40.f6 Kd6 41.Rc8 Kd7 42.f7 Bg7
43.Rg8 Rd4+ 44.Kh5 Ke7 45.Rxg7 Rc4 46.g6 Rc5+ 47.Kh4 Rf5 48.Rg8 c2 49.Rc8  1-0

[Event "TCh-BEL 2005-6"]
[Site "Belgium BEL"]
[Date "2005.12.04"]
[Round "5"]
[White "Eliet,N"]
[Black "Van den Brande,W"]
[Result "1-0"]
[WhiteElo "2434"]
[BlackElo "2219"]

1.d4 Nf6 2.Bg5 Ne4 3.Bh4 g5 4.f3 gxh4 5.fxe4 c5 6.e3 Bh6 7.d5 d6 8.Nd2 Nd7
9.Qh5 Bxe3 10.Nc4 Bd4 11.Nf3 Nf6 12.Qxh4 Rg8 13.h3 b5 14.Ncd2 Bxb2 15.Rb1 c4
16.Rxb2 c3 17.Rb3 cxd2+ 18.Nxd2 Bd7 19.g4 Rc8 20.Bd3 Qb6 21.Ke2 h6 22.Rf1 a5
23.Qxh6 b4 24.Qf4 Ba4 25.g5 Bxb3 26.axb3 Qd4 27.gxf6 exf6 28.Rf2 Ke7 29.Nc4 Rcd8
30.Ne3  1-0

[Event "IX Mirko Srajber mem"]
[Site "Subotica SCG"]
[Date "2005.12.05"]
[Round "5"]
[White "Cebalo,M"]
[Black "Pap,M"]
[Result "1-0"]
[WhiteElo "2512"]
[BlackElo "2399"]

1.d4 Nf6 2.Bg5 Ne4 3.Bf4 c5 4.f3 Nf6 5.dxc5 e5 6.Bxe5 Bxc5 7.Bd4 Qb6 8.Bxc5 Qxc5
9.Nc3 d5 10.e3 Qb4 11.Bb5+ Nc6 12.a3 Qc5 13.Qd4 Qe7 14.Nge2 O-O 15.Qd2 a6
16.Bxc6 bxc6 17.Kf2 Re8 18.Rhe1 Qe5 19.Ng3 c5 20.b4 h5 21.bxc5 h4 22.Nge2 h3
23.g3 Bf5 24.Nd4 Rac8 25.c6 g5 26.Kg1 Bh7 27.g4 Red8 28.Nce2 Ne8 29.Ng3 Nd6
30.Qf2 Nb5 31.Nge2 Nd6 32.Rab1 Nc4 33.Rb3 Qd6 34.Qg3 Qe7 35.f4 Nxa3 36.f5 Nc4
37.Qxh3 a5 38.Rb7 Qf6 39.Qg3 Nd6 40.Nc3 Nxb7 41.Nxd5 Qd6 42.cxb7 Qxd5 43.bxc8=Q Rxc8
44.Rb1 Rc5 45.Rb8+ Kg7 46.Qf3 Qd6 47.Rb7 Re5 48.Ra7 Qb6 49.Rb7 Qa6 50.Kf2 a4
51.Qc6 Qxc6 52.Nxc6 Rc5 53.Nd4 Ra5 54.Rb2 a3 55.Ra2 f6 56.c4 Bg8 57.Nc2 Bxc4
58.Rxa3 Rb5 59.Kf3 Rb1 60.e4 Rf1+ 61.Ke3 Rh1 62.Ra7+ Kg8 63.Kd4 Rxh2 64.Kxc4 Rxc2+
65.Kd5 Rb2 66.Rd7 Rb4 67.Ke6 Rxe4+ 68.Kxf6 Rxg4 69.Kg6 Kf8 70.f6 Re4 71.Rd8+  1-0

[Event "IX Mirko Srajber mem"]
[Site "Subotica SCG"]
[Date "2005.12.08"]
[Round "9"]
[White "Sedlak,N"]
[Black "Pap,M"]
[Result "1-0"]
[WhiteElo "2512"]
[BlackElo "2399"]

1.d4 Nf6 2.Bg5 Ne4 3.Bf4 c5 4.d5 d6 5.f3 Nf6 6.e4 g6 7.Nc3 Bg7 8.Qd2 h5 9.h4 Nbd7
10.Nh3 a6 11.Ng5 b5 12.a4 b4 13.Nd1 Kf8 14.Be2 a5 15.O-O Nh7 16.Nxh7+ Rxh7
17.c3 Rb8 18.Bb5 Ne5 19.Ne3 Rh8 20.Bg5 Kg8 21.f4 Nd7 22.f5 Ne5 23.Rf2 Kh7
24.Raf1 Rf8 25.Bf4 Nd7 26.Qc2 bxc3 27.bxc3 c4 28.Nxc4 Qc7 29.Qd3 Nc5 30.Qe2 Nxe4
31.fxg6+ fxg6 32.Qxe4 Bf5 33.Qe2 Bg4 34.Qa2 Qc5 35.Be3 Qxd5 36.Rxf8 Bxf8
37.Qd2 Qe4 38.Nxa5 Bf5 39.Nc6 Rc8 40.Nd4 Bg4 41.Bd3 Qd5 42.Nf3  1-0

[Event "It"]
[Site "Dnepropetrovsk UKR"]
[Date "2005.12.16"]
[Round "11"]
[White "Romcovici,V"]
[Black "Matjushin,G"]
[Result "0-1"]
[WhiteElo "2353"]
[BlackElo "2425"]

1.d4 Nf6 2.Bg5 Ne4 3.Bf4 d6 4.e3 Nd7 5.Bd3 Nef6 6.Nd2 e5 7.dxe5 dxe5 8.Bg3 Bd6
9.Nc4 O-O 10.e4 Nc5 11.Qe2 Qe7 12.Nf3 Nfd7 13.O-O f6 14.Ne3 Nb6 15.Nd2 Be6
16.a3 Rfd8 17.Rad1 a5 18.Ndc4 Nxd3 19.Nxb6 Nxb2 20.Rxd6 Qxd6 21.Nxa8 Rxa8
22.Qb5 Qb6 23.Qxb6 cxb6 24.Rb1 Na4 25.f3 Rc8 26.Be1 Kf7 27.Kf2 Ke7 28.Bd2 g6
29.g4 Rc6 30.h3 Kd7 31.Rd1 Kc7 32.Be1 Nc3 33.Rd3 Nb5 34.a4 Nd6 35.Rc3 g5
36.Ke2 Bc4+ 37.Kd2 Kd7 38.h4 h6 39.Nf5 Nf7 40.Ne3 Be6 41.Rd3+ Kc8 42.Nd5 Bxd5
43.Rxd5 Nd6 44.Kd3 Ne8 45.hxg5 hxg5 46.Bf2 Nc7 47.c4 Nxd5 48.exd5 Rd6 49.Ke4 Kd7
50.c5 bxc5 51.Bxc5 Ra6 52.Kf5 Ra8 53.Kxf6 Rc8 54.Be3 Rc3 55.Bxg5 Rxf3+ 56.Kxe5 Ra3
57.Bh6 Rxa4 58.g5 Rh4 59.Bf8 Rg4 60.Kf5 Rg3 61.Bc5 a4 62.g6 a3 63.Bd4 b5
64.g7 b4 65.Kf4 Rxg7  0-1

[Event "5th Amplico AIG Life"]
[Site "Warsaw POL"]
[Date "2005.12.17"]
[Round "3"]
[White "Kaunas,K"]
[Black "Czakon,J"]
[Result "1-0"]
[WhiteElo "2318"]
[BlackElo "2477"]

1.d4 Nf6 2.Bg5 Ne4 3.Bf4 c5 4.d5 Qb6 5.Qc1 e6 6.c4 exd5 7.cxd5 c4 8.Nh3 Bb4+
9.Nc3 d6 10.f3 Bxh3 11.fxe4 Bg4 12.Be3 Qd8 13.Bd4 O-O 14.Qf4 Bh5 15.h4 f6
16.g4 Bf7 17.g5 Nd7 18.Bh3 Ne5 19.O-O-O Bh5 20.Rdg1 Kh8 21.Be6 Qe7 22.Rg3 Bxc3
23.Bxc3 Bxe2 24.Rhg1 fxg5 25.Qxg5 Qxg5+ 26.Rxg5 g6 27.Rxe5  1-0

[Event "XXXV Rilton Cup"]
[Site "Stockholm SWE"]
[Date "2005.12.28"]
[Round "2"]
[White "Bellon Lopez,JuM"]
[Black "Minina,V"]
[Result "0-1"]
[WhiteElo "2401"]
[BlackElo "2063"]

1.d4 Nf6 2.Bg5 Ne4 3.Bh4 c5 4.f3 g5 5.fxe4 gxh4 6.e3 Bh6 7.Nd2 d5 8.Qh5 Bxe3
9.exd5 cxd4 10.Nc4 Nd7 11.Nxe3 Qa5+ 12.c3 dxe3 13.Nf3 Nf6 14.Qxh4 Rg8 15.a4 Bd7
16.h3 Qb6 17.Rb1 Bf5 18.Bb5+ Kf8 19.Qh6+ Rg7 20.Rd1 a6 21.Nd4 Bg6 22.Qxe3 Nxd5
23.Qe5 axb5 24.Qxd5 bxa4 25.O-O Kg8 26.Kh1 Kh8 27.Nb5 Qc6 28.Rf4 Bc2 29.Rd2 Bb3
30.Qxc6 bxc6 31.Nd4 e5 32.Nxb3 exf4 33.Nd4 c5 34.Nb5 Re8 35.Nd6 Re1+ 36.Kh2 f6
37.Nf5 Rg8 38.Rf2 f3 39.gxf3 Rge8 40.Ng3 Rb1  0-1

[Event "Harmonie Open A"]
[Site "Groningen NED"]
[Date "2005.12.29"]
[Round "8"]
[White "Schiffer,KU"]
[Black "Kodentsov,G"]
[Result "1/2-1/2"]
[WhiteElo "2316"]
[BlackElo "2270"]

1.d4 Nf6 2.Bg5 Ne4 3.Bf4 c5 4.f3 Qa5+ 5.c3 Nf6 6.Nd2 cxd4 7.Nb3 Qb6 8.Qxd4 Nc6
9.Qxb6 axb6 10.Nd4 e5 11.Nxc6 exf4 12.Nd4 d5 13.g3 fxg3 14.hxg3 Bd6 15.Kf2 h5
16.e3 g5 17.g4 h4 18.Nh3 Rg8 19.a3 Ke7 20.Bd3 Ne8 21.Bh7 Rg7 22.Bf5 Bg3+
23.Kg2 Nd6 24.Bxc8 Rxc8 25.Rad1 Rgg8 26.Rd3 Be5 27.Re1 f5 28.Nxf5+ Nxf5 29.gxf5 g4
30.Nf4 Bxf4 31.exf4+ Kf7 32.Kh2 g3+ 33.Kh3 g2 34.Rg1 Rg3+ 35.Kh2 Rcg8 36.Rxd5 Kf6
37.Rb5 h3 38.Rxb6+ Kxf5 39.Rxb7 Kxf4 40.Rf7+ Ke3 41.a4 Rxf3 42.Rxf3+ Kxf3
43.a5 Kf2 44.a6 Ra8 45.Rc1 Rxa6 46.c4 Rg6 47.Rc2+ Kf3 48.Rc1 Kf2 49.Rc2+ Kf3
50.Rc1 Kf2 51.Rc2+ Kf3 52.Rc1  1/2-1/2

[Event "14th Donau Open"]
[Site "Aschach AUT"]
[Date "2005.12.31"]
[Round "7"]
[White "Cifka,S"]
[Black "Steiner,Ad"]
[Result "1-0"]
[WhiteElo "2315"]
[BlackElo "2126"]

1.d4 Nf6 2.Bg5 Ne4 3.Bf4 c5 4.f3 Qa5+ 5.c3 Nf6 6.Nd2 cxd4 7.Nb3 Qf5 8.Bxb8 Rxb8
9.Qxd4 d5 10.Qxa7 Qe5 11.O-O-O g6 12.Qd4 Bh6+ 13.Kb1 Qe3 14.g4 e5 15.Qxe3 Bxe3
16.Rd3 Bf4 17.Bg2 h5 18.h3 O-O 19.e3 e4 20.fxe4 dxe4 21.Rd1 Bxe3 22.gxh5 Nxh5
23.Ne2 f5 24.Rd6 Nf6 25.Rf1 b6 26.Nf4 Ba6 27.Nxg6 Bxf1 28.Bxf1 Rbd8 29.Ne7+ Kf7
30.Nxf5 Rxd6 31.Nxd6+ Ke6 32.Nc4 Bg1 33.Kc2 Nd5 34.Be2 Rf2 35.Kd2 b5 36.Nd4+ Kf6
37.Nd6 Ke5 38.N6xb5 Nf4 39.a4 e3+ 40.Kd1 Nxh3 41.a5 Nf4 42.a6 Nxe2 43.Nxe2 Ke4
44.a7 Rf8 45.Nc7 Rd8+ 46.Kc2 Kf3 47.Nxg1+ Kg2 48.Ne2 Kf3 49.Nc1  1-0

[Event "48th It"]
[Site "Reggio Emilia ITA"]
[Date "2005.12.31"]
[Round "3"]
[White "Cebalo,M"]
[Black "Piscopo,P"]
[Result "1-0"]
[WhiteElo "2512"]
[BlackElo "2399"]

1.d4 Nf6 2.Bg5 Ne4 3.Bf4 c5 4.f3 Qa5+ 5.c3 Nf6 6.d5 Qb6 7.e4 d6 8.Qd2 g6
9.Na3 Nbd7 10.Nh3 a6 11.Nc4 Qc7 12.a4 Nb6 13.Nxb6 Qxb6 14.Nf2 Bg7 15.a5 Qc7
16.Be2 O-O 17.O-O Rd8 18.Rfc1 b5 19.axb6 Qxb6 20.Be3 a5 21.b4 Qc7 22.bxc5 dxc5
23.c4 Nd7 24.Ra2 a4 25.f4 Bd4 26.e5 Bxe3 27.Qxe3 Nb6 28.Ne4 Ra5 29.Qc3 Nd7
30.Rb1 Ra6 31.Rb5 Rb6 32.Rxb6 Qxb6 33.Bd3 Bb7 34.Bc2 e6 35.Nd6 Qc7 36.Rxa4 Qb6
37.Ra1 Ba8 38.dxe6 fxe6 39.Ba4 Nf6 40.Bb5 Ne4 41.Qh3  1-0

[Event "10th Open"]
[Site "Bad Zwesten GER"]
[Date "2006.01.04"]
[Round "4"]
[White "Bauer,Ch"]
[Black "Gutman,L"]
[Result "1-0"]
[WhiteElo "2625"]
[BlackElo "2455"]

1.d4 Nf6 2.Bg5 Ne4 3.Bf4 c5 4.f3 Nf6 5.dxc5 Qa5+ 6.Qd2 Qxc5 7.e4 e5 8.Be3 Qc7
9.Nc3 Bb4 10.Nge2 O-O 11.a3 Ba5 12.O-O-O b5 13.b4 Bb6 14.Nxb5 Qc6 15.Nd6 Ba6
16.Nc3 Bxf1 17.Rhxf1 Bxe3 18.Qxe3 Qb6 19.Qxb6 axb6 20.Kb2 Nc6 21.Ncb5 Rfd8
22.Rd3 Rab8 23.c3 Nh5 24.g3 g6 25.a4 Kf8 26.Na3 Ke7 27.Nac4 f6 28.f4 exf4
29.gxf4 Ng7 30.f5 Rf8 31.Rg1 g5 32.b5 Na5 33.Nxa5 bxa5 34.Rgd1 Rfd8 35.Nc4 Ra8
36.Nb6 Ra7 37.c4  1-0

[Event "10th Open"]
[Site "Bad Zwesten GER"]
[Date "2006.01.05"]
[Round "6"]
[White "Mensch,E"]
[Black "Gutman,L"]
[Result "0-1"]
[WhiteElo "2336"]
[BlackElo "2455"]

1.d4 Nf6 2.Bg5 Ne4 3.Bf4 d5 4.e3 Nd7 5.Bd3 Ndf6 6.Nf3 Bg4 7.c3 e6 8.Qc2 Bxf3
9.gxf3 Nd6 10.e4 Nh5 11.Be3 Qh4 12.Nd2 Nf4 13.e5 Nc8 14.Bxf4 Qxf4 15.Qb3 Nb6
16.a4 Be7 17.a5 Nd7 18.Qxb7 Rb8 19.Qc6 Rxb2 20.Rd1 Bh4 21.O-O Rxd2 22.Rxd2 Qxd2
23.Qa8+ Bd8 24.Bb5 Qxc3 25.Qxa7 c6  0-1

[Event "Masters"]
[Site "Hastings ENG"]
[Date "2006.01.06"]
[Round "10"]
[White "Pert,R"]
[Black "Hebden,M"]
[Result "0-1"]
[WhiteElo "2429"]
[BlackElo "2514"]

1.d4 Nf6 2.Bg5 Ne4 3.Bf4 c5 4.d5 Qb6 5.Nd2 Qxb2 6.Nxe4 Qb4+ 7.c3 Qxe4 8.e3 e5
9.dxe6 Qxe6 10.Nf3 Be7 11.Bd3 Nc6 12.O-O d6 13.Bc2 Bd7 14.Rb1 b6 15.Bg3 Rd8
16.Bb3 Qf6 17.Nd2 d5 18.Bxd5 O-O 19.c4 Nb4 20.a3 Nxd5 21.cxd5 Qg6 22.Qe2 h5
23.Nc4 Qe4 24.Bc7 Rc8 25.Nd6 Qxd5 26.Nxc8 Rxc8 27.Bf4 c4 28.e4 Qa5 29.e5 Bg4
30.Qe4 c3 31.Qb7 Bc5 32.Rbe1 Be6 33.h3 Qxa3 34.Kh2 Qa4 35.Bc1 Qc6 36.Qxc6 Rxc6
37.f4 g6 38.Rf3 Be7 39.Rg1 b5 40.g4 hxg4 41.hxg4 b4 42.f5 Bc4 43.f6 Bc5 44.Rd1 Rc8
45.Rh3 Be2 46.Rh1 Bxg4 47.Rg3 Be6 48.Bh6 c2 49.Bg7 Bf8 50.Bxf8 Kxf8 51.Rd3 Kg8  0-1

[Event "12th Open A"]
[Site "Bosnjaci CRO"]
[Date "2006.01.07"]
[Round "7"]
[White "Martinovic,Sa"]
[Black "Saric,Iv"]
[Result "0-1"]
[WhiteElo "2182"]
[BlackElo "2339"]

1.d4 Nf6 2.Bg5 Ne4 3.Bf4 d5 4.e3 e6 5.Bd3 Bd6 6.Ne2 b6 7.O-O Bb7 8.f3 Bxf4
9.Nxf4 Nd6 10.Nd2 c5 11.c3 Nc6 12.e4 Qg5 13.Nh3 Qe3+ 14.Nf2 O-O 15.Re1 Qg5
16.Nh3 Qh5 17.Nf4 Qh6 18.dxc5 bxc5 19.exd5 Qxf4 20.dxc6 Bxc6 21.Qc2 g6 22.Ne4 Bxe4
23.Bxe4 Rad8 24.Rad1 Nc4 25.Qe2 Nb6 26.Qa6 Rd2 27.Rxd2 Qxd2 28.Qe2 Rd8 29.Bc2 Nc4
30.Kf1 Nxb2 31.Qxd2 Rxd2 32.Re2 Rxe2 33.Kxe2 Nc4 34.Kd3 Nd6 35.f4 Kf8 36.g4 h6
37.h3 Ke7 38.Ba4 Kf6 39.h4 e5 40.Ke3 exf4+ 41.Kxf4 g5+ 42.hxg5+ hxg5+ 43.Ke3 Ke5
44.Bd1 f6 45.Bf3 f5 46.gxf5 Nxf5+ 47.Kd3 Kf4 48.Bc6 Nd6 49.a4 Nf7 50.Bd5 Ne5+
51.Ke2 a5 52.Bb7 g4 53.Bd5 g3 54.Bg2 Nc4 55.Bb7 Nd6 56.Bg2 c4 57.Bd5 Ne4
58.Kf1 Nxc3 59.Bxc4 Nxa4 60.Ke1 Nc3 61.Bf1 Ke3 62.Bh3 a4 63.Kf1 a3 64.Be6 a2  0-1

[Event "Keres Mem A"]
[Site "Tallin EST"]
[Date "2006.01.08"]
[Round "1"]
[White "Kanep,M"]
[Black "Zjukin,S"]
[Result "1/2-1/2"]
[WhiteElo "2516"]
[BlackElo "2356"]

1.d4 Nf6 2.Bg5 Ne4 3.Bf4 d5 4.f3 Nf6 5.Nc3 e6 6.e4 Be7 7.Qd2 a6 8.g4 b5 9.g5 Nh5
10.Be3 h6 11.gxh6 Bh4+ 12.Kd1 gxh6 13.Bxh6 b4 14.Nce2 dxe4 15.fxe4 Qf6 16.Bf4 Nxf4
17.Qxf4 Bb7 18.Bg2 Qe7 19.Nf3 Nc6 20.Kc1 O-O-O 21.Rd1 Bf6 22.a3 e5 23.Qg3  1/2-1/2

[Event "Keres Mem B"]
[Site "Tallin EST"]
[Date "2006.01.10"]
[Round "4"]
[White "Smirnov,Arte"]
[Black "Seeman,T"]
[Result "0-1"]
[WhiteElo "2376"]
[BlackElo "2422"]

1.d4 Nf6 2.Bg5 Ne4 3.Bf4 d6 4.f3 Nf6 5.e4 Nbd7 6.Nc3 e5 7.Be3 Be7 8.Nge2 c6
9.Qd2 O-O 10.Ng3 g6 11.O-O-O exd4 12.Bxd4 b5 13.h4 b4 14.Nce2 Qa5 15.Kb1 h5
16.Nf5 gxf5 17.Ng3 fxe4 18.fxe4 Ng4 19.Nf5 Re8 20.Nh6+ Kh7 21.Nxf7 Nde5 22.Bxe5 dxe5
23.Bc4 Qc5 24.Ng5+ Kg7 25.Be2 Qe3 26.Qe1 Qf2 27.Rf1 Qxe1 28.Rdxe1 Bxg5 29.hxg5 Kg6
30.Rd1 Kxg5 31.Rd6 c5 32.g3 Rb8 33.Rf7 Rb7 34.Rf1 Rb6  0-1

[Event "Keres Mem B"]
[Site "Tallin EST"]
[Date "2006.01.12"]
[Round "8"]
[White "Volodin,Alek"]
[Black "Seeman,T"]
[Result "1/2-1/2"]
[WhiteElo "2244"]
[BlackElo "2422"]

1.d4 Nf6 2.Bg5 Ne4 3.Bh4 c5 4.f3 g5 5.fxe4 gxh4 6.e3 Bh6 7.Kf2 e6 8.Nf3 Nc6
9.Nc3 O-O 10.Bc4 a6 11.a4 d6 12.dxc5 dxc5 13.Qxd8 Rxd8 14.Rad1 Bd7 15.Nxh4 Ne5
16.Be2 Bg7 17.Rd6 Bc6 18.Rhd1 Rxd6 19.Rxd6 Kf8 20.b3 Ke7 21.Rd1 Bf6 22.g3 Ng6
23.Nxg6+ fxg6 24.Nb1 b5 25.axb5 axb5 26.Nd2 Bc3 27.Bd3 g5 28.Ke2 e5 29.g4 Bd7
30.Rg1 Rh8 31.Nf3 h5 32.gxh5 g4 33.Nh4 Rxh5 34.Nf5+ Bxf5 35.exf5 Rxh2+ 36.Kf1 Rh4  1/2-1/2

[Event "2nd Bundesliga Ost 2005-6"]
[Site "Austria AUT"]
[Date "2006.01.14"]
[Round "5"]
[White "Zwettler,M"]
[Black "Wallner,A"]
[Result "0-1"]
[WhiteElo "2218"]
[BlackElo "2246"]

1.d4 Nf6 2.Bg5 Ne4 3.Bf4 c5 4.f3 Qa5+ 5.c3 Nf6 6.Nd2 cxd4 7.Nb3 Qd8 8.cxd4 d5
9.e3 e6 10.g4 Bb4+ 11.Kf2 Nc6 12.Rc1 O-O 13.Nc5 Qe7 14.Nd3 Ba5 15.Ne5 Nxe5
16.dxe5 Nd7 17.Bb5 a6 18.Bxd7 Bxd7 19.Ne2 f6 20.Qd4 Rac8 21.Rxc8 Rxc8 22.Rc1 Rxc1
23.Nxc1 Qb4 24.Qxb4 Bxb4 25.Nb3 Kf7 26.a3 Be7 27.e4 Ba4 28.Nc1 Bc5+ 29.Ke2 dxe4
30.fxe4 Bd4 31.Nd3 Bb5 32.exf6 Bxb2 33.fxg7 Bxa3 34.Be5 Bc1 35.Kd1 Bh6 36.Nf4 Bxg7
37.Bxg7 Kxg7 38.Nxe6+ Kf6 39.Nf8 h6 40.h4 Kf7  0-1

[Event "Classic"]
[Site "Queenstown NZL"]
[Date "2006.01.15"]
[Round "1"]
[White "Wilkins,M"]
[Black "Canfell,G"]
[Result "0-1"]
[WhiteElo "2245"]
[BlackElo "2354"]

1.d4 Nf6 2.Bg5 Ne4 3.Bf4 c5 4.f3 Nf6 5.d5 Qb6 6.Bc1 e6 7.e4 exd5 8.exd5 Bd6
9.Qe2+ Kd8 10.Qc4 Re8+ 11.Be2 Qb4+ 12.Qxb4 cxb4 13.c4 b5 14.Nd2 Be5 15.cxb5 Nxd5
16.Nc4 Bc7 17.Bd2 Nf4 18.Bxf4 Bxf4 19.g3 Bc7 20.O-O-O Re6 21.f4 a6 22.Bf3 Ra7
23.Bd5 Rf6 24.b6 Bxb6 25.Nxb6 Rxb6 26.Bxf7 Rc7+ 27.Kb1 Bb7 28.Re1 Rc5 29.Nh3 Bxh1
30.Rxh1 Nc6 31.Ng5 Rf5 32.Bc4 h6 33.Nf7+ Kc7 34.Rd1 Rf6 35.Ne5 Nxe5 36.fxe5 Rf2
37.h3 Rf3 38.Rc1 Rc6 39.e6 dxe6 40.Bxe6 Rxc1+ 41.Kxc1 Rxg3 42.Kc2 Kd6 43.Bc8 a5
44.Kd2 a4 45.Kc2 Rg2+ 46.Kc1 Ke5 47.a3 b3 48.Bd7 Rc2+ 49.Kd1 Rxb2 50.Bxa4 Kd4
51.Kc1 Kc3 52.h4 Rg2  0-1

[Event "Classic"]
[Site "Queenstown NZL"]
[Date "2006.01.16"]
[Round "2"]
[White "Ly,M"]
[Black "Rogers,I"]
[Result "0-1"]
[WhiteElo "2162"]
[BlackElo "2556"]

1.d4 Nf6 2.Bg5 Ne4 3.Bf4 c5 4.f3 Qa5+ 5.c3 Nf6 6.Nd2 cxd4 7.Nb3 Qb6 8.Qxd4 Nc6
9.Qxb6 axb6 10.Be3 d5 11.Bxb6 e5 12.Bc5 Bxc5 13.Nxc5 b6 14.Nb3 Be6 15.e3 Ke7
16.Bb5 Rhc8 17.f4 Ng4 18.fxe5 Nxe3 19.Kf2 Ng4+ 20.Kg3 Ncxe5 21.Nf3 Nxf3 22.gxf3 Ne3
23.Kf2 Nf5 24.Bd3 Nd6 25.Nd4 Kf6 26.Rhe1 Bd7 27.a3 g6 28.Bf1 Re8 29.Nc2 Rxe1
30.Rxe1 Nc4 31.Bxc4 dxc4 32.Ne3 Be6 33.Rd1 Ra5 34.Rd4 Rb5 35.Rd2 h5 36.f4 g5
37.Kf3 h4 38.Ke4 gxf4 39.Kxf4 Rg5 40.Rg2 Rg6 41.Ng4+ Bxg4 42.Rxg4 Rxg4+ 43.Kxg4 Ke5
44.Kxh4 Kf4 45.Kh5 f5 46.h4 Ke4 47.Kg5 f4 48.h5 f3 49.h6 f2 50.h7 f1=Q 51.h8=Q Qf4+
52.Kg6 Qf5+ 53.Kg7 Qe5+ 54.Kg8 Qxh8+  0-1

[Event "FINEC WGM"]
[Site "St Petersburg RUS"]
[Date "2006.01.17"]
[Round "1"]
[White "Eidelson,R"]
[Black "Petrenko,S"]
[Result "1/2-1/2"]
[WhiteElo "2211"]
[BlackElo "2346"]

1.d4 Nf6 2.Bg5 Ne4 3.Bh4 d5 4.f3 Nf6 5.Nc3 g6 6.e4 dxe4 7.fxe4 Bh6 8.h3 c6
9.Nf3 Qa5 10.Bd3 c5 11.dxc5 Qxc5 12.Qe2 O-O 13.Bf2 Qa5 14.Be3 Bg7 15.O-O Nc6
16.Qf2 Be6 17.a3 Nd7 18.Ng5 Nde5 19.Qh4 h6 20.Nxe6 fxe6 21.b4 Qd8 22.Rxf8+ Qxf8
23.Rf1 Qd8 24.Be2 g5 25.Qf2 b6 26.Nb5 Qc8 27.c3 Qb7 28.Qg3 Nd8 29.Bd4 Qxe4
30.Bh5 Ndc6 31.Kh1 Rc8 32.Re1 Qd5 33.Nxa7 Nxa7 34.Bxe5 Nb5 35.Bxg7 Kxg7 36.Re5 Qc4
37.Rxg5+ hxg5 38.Qxg5+ Kh8 39.Qh6+ Kg8 40.Qg6+ Kh8  1/2-1/2

[Event "2nd Armenian Clubs"]
[Site "Yerevan ARM"]
[Date "2006.01.18"]
[Round "1"]
[White "Nalbandian,T"]
[Black "Yegiazarian,A"]
[Result "0-1"]
[WhiteElo "2524"]
[BlackElo "2531"]

1.d4 Nf6 2.Bg5 Ne4 3.Bf4 d6 4.e3 Nc6 5.Bd3 Nf6 6.Nf3 Bg4 7.h3 Bh5 8.g4 Bg6
9.Nc3 e6 10.Qe2 Qd7 11.O-O-O Bxd3 12.Qxd3 Nb4 13.Qc4 Nbd5 14.Nxd5 Nxd5 15.Bg5 f6
16.Bh4 O-O-O 17.e4 Nb6 18.Qb3 d5 19.Rhe1 Nc4 20.Nd2 Na5 21.Qe3 Nc6 22.g5 Be7
23.gxf6 gxf6 24.exd5 exd5 25.Qe6 Rdf8 26.Nf3 Qxe6 27.Rxe6 Kd7 28.Rde1 Rhg8
29.Bg3 Bd8 30.Bf4 Ne5 31.dxe5 Kxe6 32.Nd4+ Ke7 33.Nf5+ Ke6 34.Nd4+ Ke7 35.e6 Rg5
36.Bxg5 fxg5 37.Re2 c5 38.Nb5 a6 39.Nc3 Rf5 40.Nd1 Bc7 41.Kd2 Re5 42.Ne3 Kxe6
43.c4 dxc4 44.Nxc4 Rxe2+ 45.Kxe2 b5 46.Nd2 Kd5 47.b3 Bf4 48.Nf3 c4 49.Ne1 cxb3
50.axb3 Kd4 51.Nd3 a5 52.h4 a4 53.bxa4 bxa4 54.hxg5 a3 55.Nb4 Kc4 56.Nc2 a2
57.g6 hxg6 58.Kd1 Kc3 59.Na1 Kb2  0-1

[Event "2nd Bundesliga West 2005-6"]
[Site "Austria AUT"]
[Date "2006.01.22"]
[Round "8"]
[White "Eybl,A"]
[Black "Enigl,K"]
[Result "1-0"]
[WhiteElo "2260"]
[BlackElo "2122"]

1.d4 Nf6 2.Bg5 Ne4 3.Bf4 d5 4.f3 Nf6 5.Nc3 e6 6.Qd2 c6 7.e4 Bb4 8.Bd3 b6
9.a3 Be7 10.Nge2 Ba6 11.exd5 Nxd5 12.Nxd5 cxd5 13.Bxa6 Nxa6 14.O-O O-O 15.c3 Nc7
16.Nc1 Ne8 17.Nd3 Nd6 18.Bxd6 Bxd6 19.f4 Qc7 20.Rf3 a5 21.Raf1 f5 22.Re1 Rfe8
23.g3 b5 24.Rfe3 Kf7 25.Qe2 Qd7 26.Qh5+ Kg8 27.Qe2 Kf7 28.g4 g6 29.gxf5 exf5
30.Ne5+ Bxe5 31.dxe5 Ke6 32.Rd1 Qc6 33.Rd4 Rg8 34.Qg2 Rg7 35.h4 Qc5 36.Red3 b4
37.Qxd5+ Qxd5 38.Rxd5 Rb7 39.c4 bxa3 40.bxa3 Rb1+ 41.Kf2 Ra7 42.Rd6+ Ke7
43.c5 Rc7 44.c6 Rb6 45.Rd7+ Rxd7 46.Rxd7+ Ke6 47.Rd6+ Ke7 48.Ke3 Rb1 49.Kd4 a4
50.Kc5 Rb3 51.c7  1-0

[Event "Winter Open"]
[Site "Belgrade SCG"]
[Date "2006.01.22"]
[Round "2"]
[White "Momirovic,M"]
[Black "Miladinovic,L"]
[Result "0-1"]
[WhiteElo "1973"]
[BlackElo "1765"]

1.d4 Nf6 2.Bg5 Ne4 3.Bf4 d5 4.f3 Nf6 5.h3 Nc6 6.e3 Bf5 7.a3 e6 8.Nc3 a6 9.Bg5 h6
10.Bh4 Bd6 11.e4 g5 12.exf5 gxh4 13.fxe6 Bg3+ 14.Kd2 Bf4+ 15.Kd3 fxe6 16.Qe2 Qe7
17.Na4 O-O-O 18.Nc5 e5 19.c3 Qh7+ 20.Ne4 dxe4+ 21.fxe4 exd4 22.c4 Rhe8  0-1

[Event "14th FAJR Open"]
[Site "Tehran IRI"]
[Date "2006.01.25"]
[Round "3"]
[White "Samavat,M"]
[Black "Asgari,M"]
[Result "0-1"]
[WhiteElo "2024"]
[BlackElo "2237"]

1.d4 Nf6 2.Bg5 Ne4 3.Bf4 c5 4.f3 Nf6 5.dxc5 Qa5+ 6.Nc3 Qxc5 7.e4 e5 8.Bg5 Be7
9.Qd2 O-O 10.Nge2 Nc6 11.O-O-O d6 12.Bxf6 Bxf6 13.Qxd6 Qa5 14.Rd5 Qb6 15.Qc5 Qc7
16.Nb5 Qa5 17.Nbc3 Qc7 18.Nb5 Qa5 19.Nbc3 Qc7 20.Qd6 Qb6 21.Qc5 Qc7 22.Rd1 Be6
23.Nd5 Qd8 24.Nec3 Rc8 25.Qf2 Nd4 26.Bd3 b5 27.Nxb5 Bxd5 28.Nxd4 Bxa2 29.Ne2 Bg5+
30.f4 exf4 31.Nxf4 Qf6 32.g3 Rb8 33.c3 Rfc8 34.Qd2 Qb6 35.Rhf1 Bb3 36.Rde1 Qa5
37.Rf2 Qa1+ 38.Bb1 Ba2 39.Qc2 a5 40.e5 a4 41.Qxh7+ Kf8 42.Re3 a3 43.e6 axb2+
44.Kd2 Rd8+ 45.Ke2 Bc4+ 46.Ke1 Ke7 47.exf7+ Kd6 48.Qf5 Kc6 49.Qe4+ Kb5 50.Qc2 Ka6
51.Re5 Bf6 52.Rc5 Bxc3+ 53.Rd2 Rxd2 54.Qg6+ Rd6+ 55.Kf2 Rxg6 56.Bxg6  0-1

[Event "Bundesliga 2005-6"]
[Site "Muelheim Nord GER"]
[Date "2006.01.28"]
[Round "8"]
[White "Schebler,G"]
[Black "Heinemann,T"]
[Result "1/2-1/2"]
[WhiteElo "2465"]
[BlackElo "2443"]

1.d4 Nf6 2.Bg5 Ne4 3.Bf4 d5 4.Nd2 Nxd2 5.Qxd2 e6 6.e3 Bd6 7.Nf3 b6 8.Bb5+ c6
9.Bd3 Ba6 10.O-O Bxd3 11.Qxd3 O-O 12.Rfe1 Bxf4 13.exf4 Qf6 14.g3 Nd7 15.Ne5 Nxe5
16.Rxe5 g6 17.Rae1 Rfc8 18.h4 c5 19.R1e2 h5 20.Kg2 cxd4 21.Qxd4 Rc4 22.Qd3 Rac8
23.c3 R8c7  1/2-1/2

[Event "ch-Kyiv"]
[Site "Kyiv UKR"]
[Date "2006.01.30"]
[Round "8"]
[White "Panchenko,AG"]
[Black "Goncharov,O"]
[Result "1-0"]
[WhiteElo "2393"]
[BlackElo "2172"]

1.d4 Nf6 2.Bg5 Ne4 3.Bh4 d5 4.f3 g5 5.fxe4 gxh4 6.exd5 Qxd5 7.Nc3 Qh5 8.e4 Bg4
9.Be2 Bxe2 10.Qxe2 Qxe2+ 11.Ngxe2 e6 12.e5 Bb4 13.O-O Nc6 14.Ne4 Ne7 15.c3 Ba5
16.Kh1 Nf5 17.Ng1 c6 18.Rf4 Bd8 19.Raf1 Be7 20.R1f3 Rg8 21.Ne2 h5 22.c4 O-O-O
23.c5 Rg4 24.Nd6+ Bxd6 25.exd6 Rdg8 26.Rf2 b6 27.b4 Kd7 28.h3 R4g7 29.Nc3 bxc5
30.dxc5 Ng3+ 31.Kg1 f5 32.b5 cxb5 33.Nxb5 Rb8 34.Rb4 a6 35.c6+ Kxc6 36.Nd4+ Kd5
37.Rxb8 Ne4 38.Rf1 Kxd4 39.d7 Rxd7 40.Rd1+ Ke3 41.Rxd7 e5 42.Rb3+ Kf4 43.Ra7  1-0

[Event "Open"]
[Site "Moscow RUS"]
[Date "2006.01.31"]
[Round "3"]
[White "Popov,Iv RUS"]
[Black "Nikolenko,O"]
[Result "1/2-1/2"]
[WhiteElo "2460"]
[BlackElo "2527"]

1.d4 Nf6 2.Bg5 Ne4 3.Bf4 c5 4.f3 Qa5+ 5.c3 Nf6 6.Nd2 cxd4 7.Nb3 Qd8 8.Bxb8 Rxb8
9.Qxd4 a6 10.e4 d6 11.f4 e6 12.Nf3 Be7 13.Bd3 O-O 14.Rd1 Qc7 15.e5 dxe5 16.Qxe5 Qxe5+
17.Nxe5 Rd8 18.Kf2 Bd7 19.Be2 Ba4  1/2-1/2